000 00720nam a2200169 a 4500
008 120416s0000 ||||||||||||||||| || u
020 _a0852554257
050 _aLC 180.T3 Mku
100 _aMkude, Daniel
245 1 0 _aHigher education in Tanzania
246 _aa case study
260 _aOxford
_bJames Currey
_c2003
350 _a0.00
700 _aLevey, Lisbeth
995 _aKAPASA MAKASA LIBRARY OPEN ACCESS
_D0.00
_e734822
_FCBU-KAPASA MAKASA LIBRARY (Chinsali)
_H1
_I18.95
_jLC 180.T3 Mku
_M1
_UAVAILABLE
_y40326
_ZKapasa Makasa Library Open Acess Collection
995 _aANNEX COLLECTION (Main Library)
_D0.00
_e735746
_FCBU-MAIN LIBRARY (Kitwe)
_H2
_I18.95
_jLC 180.T3 Mku
_M2
_UAVAILABLE
_y48591
_ZAnnex Low-Usage Collection
999 _c76180
_d76180